| 000 | 01291nam a22002537a 4500 | ||
|---|---|---|---|
| 005 | 20220914143234.0 | ||
| 008 | 220914b ||||| |||| 00| 0 eng d | ||
| 020 | _a9789354911422 | ||
| 040 | _cAL | ||
| 041 | _aEnglish | ||
| 082 |
_223 _a920 _bJAGM |
||
| 100 |
_aP J Jagirdar _957477 |
||
| 245 | _aMahadeo Govind Ranade | ||
| 250 | _aRev ed 2022 | ||
| 260 |
_aNew Delhi _bNational Book Trust _c2022 |
||
| 300 |
_aviii,170 p. _bPB _c19x14 cm. |
||
| 365 |
_aBLCR-000076 _b₹148.00 _c₹ _d₹185.00 _e20% _f30-08-2022 |
||
| 440 |
_aIndia@75 series _957478 |
||
| 520 | _aTo Commemorate the 75th Years of India's Independence, National Book Trust,India under the Azadi ka Amrit Mahotsav programme has launched new publishing series 'India@75' for young and general readers. The book under this series will reflect the momentous ., yet wonderful journey of India. As a part of the series, books on freedom fighters are being developed. The aim behind publishing such books is to make young readers learn about the sacrifice and struggle of our renowned freedom fighters as well as unsung heroes of pre independence era . | ||
| 650 |
_aCriticising British Administration(1878 to 1881) _957479 |
||
| 650 |
_aas highcourt judge _957480 |
||
| 700 |
_aJAGIRDAR (P J) _957481 |
||
| 942 |
_2ddc _cBK |
||
| 999 |
_c224600 _d224600 |
||